[Event "DEM U18w 2024"]
[Site "Willingen GER"]
[Date "2024.05.19"]
[Round "2"]
[White "Hubert, Charlotte"]
[Black "Fischer, Darja"]
[Result "1/2-1/2"]
[Termination "normal"]
[Board "6"]
[WhiteElo "1893"]
[BlackElo "1843"]
[WhiteClock "00:05:15"]
[BlackClock "01:04:50"]
[PlyCount "154"]
[WhiteFideId "16265920"]
[BlackFideId "16240898"]
[EventCountry "GER"]
[EventRounds "9"]
[EventType "swiss"]
[EventDate "2024.05.18"]

1. e4 {[%clk 01:30:58]} {[%emt 00:00:01]} c6 {[%clk 01:30:58]} {[%emt
00:00:03]} 2. d4 {[%clk 01:30:27]} {[%emt 00:01:00]} d5 {[%clk 01:31:24]}
{[%emt 00:00:04]} 3. e5 {[%clk 01:30:52]} {[%emt 00:00:05]} Bf5 {[%clk
01:31:48]} {[%emt 00:00:06]} 4. Nd2 {[%clk 01:31:10]} {[%emt 00:00:11]} e6
{[%clk 01:31:55]} {[%emt 00:00:24]} 5. Nb3 {[%clk 01:31:34]} {[%emt 00:00:06]}
Nd7 {[%clk 01:31:45]} {[%emt 00:00:40]} 6. Nf3 {[%clk 01:31:53]} {[%emt
00:00:11]} Ne7 {[%clk 01:31:22]} {[%emt 00:00:54]} 7. Be2 {[%clk 01:32:14]}
{[%emt 00:00:08]} c5 {[%clk 01:31:07]} {[%emt 00:00:46]} 8. Nxc5 {[%clk
01:27:17]} {[%emt 00:05:27]} Nxc5 {[%clk 01:31:26]} {[%emt 00:00:10]} 9. dxc5
{[%clk 01:27:42]} {[%emt 00:00:05]} Qa5+ {[%clk 01:29:06]} {[%emt 00:02:51]}
10. c3 {[%clk 01:28:00]} {[%emt 00:00:12]} Qxc5 {[%clk 01:29:29]} {[%emt
00:00:07]} 11. Be3 {[%clk 01:26:08]} {[%emt 00:02:20]} Qc7 {[%clk 01:29:37]}
{[%emt 00:00:23]} 12. Nd4 {[%clk 01:20:30]} {[%emt 00:06:08]} Qxe5 {[%clk
01:18:48]} {[%emt 00:11:19]} 13. Qa4+ {[%clk 01:17:21]} {[%emt 00:03:39]} Kd8
{[%clk 01:19:12]} {[%emt 00:00:06]} 14. Bf4 {[%clk 01:13:02]} {[%emt 00:04:49]}
Qf6 {[%clk 01:19:08]} {[%emt 00:00:34]} 15. Nf3 {[%clk 01:07:56]} {[%emt
00:05:36]} Bg6 {[%clk 01:07:59]} {[%emt 00:11:39]} 16. Ne5 {[%clk 00:34:14]}
{[%emt 00:34:12]} Nc6 {[%clk 01:07:30]} {[%emt 00:01:00]} 17. Nxc6+ {[%clk
00:33:55]} {[%emt 00:00:49]} bxc6 {[%clk 01:07:54]} {[%emt 00:00:06]} 18. Qa5+
{[%clk 00:33:23]} {[%emt 00:01:02]} Ke8 {[%clk 01:06:49]} {[%emt 00:01:35]} 19.
Qc7 {[%clk 00:33:18]} {[%emt 00:00:35]} e5 {[%clk 01:03:59]} {[%emt 00:03:20]}
20. Bxe5 {[%clk 00:31:00]} {[%emt 00:02:47]} Qe6 {[%clk 01:04:06]} {[%emt
00:00:24]} 21. Ba6 {[%clk 00:28:03]} {[%emt 00:03:26]} Be7 {[%clk 00:58:32]}
{[%emt 00:06:04]} 22. Bb7 {[%clk 00:23:18]} {[%emt 00:05:16]} Rd8 {[%clk
00:58:47]} {[%emt 00:00:14]} 23. O-O {[%clk 00:19:21]} {[%emt 00:04:27]} f6
{[%clk 00:53:57]} {[%emt 00:05:21]} 24. Qxc6+ {[%clk 00:16:32]} {[%emt
00:03:19]} Qxc6 {[%clk 00:54:14]} {[%emt 00:00:13]} 25. Bxc6+ {[%clk 00:16:59]}
{[%emt 00:00:04]} Kf8 {[%clk 00:54:12]} {[%emt 00:00:31]} 26. Bd4 {[%clk
00:16:10]} {[%emt 00:01:17]} a5 {[%clk 00:53:21]} {[%emt 00:01:24]} 27. Rad1
{[%clk 00:13:38]} {[%emt 00:03:00]} Rd6 {[%clk 00:50:43]} {[%emt 00:03:08]} 28.
Bb5 {[%clk 00:13:30]} {[%emt 00:00:39]} Kf7 {[%clk 00:49:28]} {[%emt 00:01:46]}
29. Rfe1 {[%clk 00:10:42]} {[%emt 00:03:16]} Bf5 {[%clk 00:48:24]} {[%emt
00:01:34]} 30. Bc5 {[%clk 00:10:26]} {[%emt 00:00:46]} Re6 {[%clk 00:48:45]}
{[%emt 00:00:10]} 31. Bxe7 {[%clk 00:10:50]} {[%emt 00:00:06]} Kxe7 {[%clk
00:48:17]} {[%emt 00:00:58]} 32. c4 {[%clk 00:06:36]} {[%emt 00:04:44]} Rxe1+
{[%clk 00:45:58]} {[%emt 00:02:49]} 33. Rxe1+ {[%clk 00:06:52]} {[%emt
00:00:13]} Kd6 {[%clk 00:46:24]} {[%emt 00:00:04]} 34. Rd1 {[%clk 00:06:33]}
{[%emt 00:00:47]} Be6 {[%clk 00:46:02]} {[%emt 00:00:55]} 35. cxd5 {[%clk
00:06:34]} {[%emt 00:00:29]} Bd7 {[%clk 00:44:54]} {[%emt 00:01:38]} 36. Bxd7
{[%clk 00:05:00]} {[%emt 00:02:04]} Kxd7 {[%clk 00:45:20]} {[%emt 00:00:04]}
37. f3 {[%clk 00:05:02]} {[%emt 00:00:27]} Rb8 {[%clk 00:45:13]} {[%emt
00:00:37]} 38. Rd2 {[%clk 00:05:25]} {[%emt 00:00:07]} Kd6 {[%clk 00:45:37]}
{[%emt 00:00:07]} 39. Kf2 {[%clk 00:05:49]} {[%emt 00:00:05]} Re8 {[%clk
00:45:56]} {[%emt 00:00:12]} 40. Re2 {[%clk 00:04:14]} {[%emt 00:02:05]} Rc8
{[%clk 00:45:26]} {[%emt 00:01:00]} 41. Rd2 {[%clk 00:04:38]} {[%emt 00:00:06]}
Re8 {[%clk 00:45:53]} {[%emt 00:00:03]} 42. h4 {[%clk 00:04:02]} {[%emt
00:01:05]} g5 {[%clk 00:45:20]} {[%emt 00:01:03]} 43. hxg5 {[%clk 00:28:28]}
{[%emt 00:06:05]} fxg5 {[%clk 01:15:45]} {[%emt 00:00:06]} 44. g3 {[%clk
00:28:10]} {[%emt 00:00:47]} h5 {[%clk 01:13:43]} {[%emt 00:02:32]} 45. Kg2
{[%clk 00:22:29]} {[%emt 00:06:10]} Re5 {[%clk 01:10:08]} {[%emt 00:04:05]} 46.
f4 {[%clk 00:18:30]} {[%emt 00:04:29]} Rf5 {[%clk 01:08:50]} {[%emt 00:01:49]}
47. fxg5 {[%clk 00:17:13]} {[%emt 00:01:47]} Rxg5 {[%clk 01:09:17]} {[%emt
00:00:03]} 48. Kh3 {[%clk 00:14:44]} {[%emt 00:02:59]} Rg4 {[%clk 01:08:34]}
{[%emt 00:01:13]} 49. Rf2 {[%clk 00:14:34]} {[%emt 00:00:39]} Rg5 {[%clk
01:08:59]} {[%emt 00:00:06]} 50. Rf6+ {[%clk 00:10:06]} {[%emt 00:04:57]} Kxd5
{[%clk 01:09:18]} {[%emt 00:00:11]} 51. Kh4 {[%clk 00:10:25]} {[%emt 00:00:11]}
Rg4+ {[%clk 01:08:25]} {[%emt 00:01:24]} 52. Kxh5 {[%clk 00:10:44]} {[%emt
00:00:11]} Rxg3 {[%clk 01:08:07]} {[%emt 00:00:48]} 53. Rf5+ {[%clk 00:11:07]}
{[%emt 00:00:06]} Kc4 {[%clk 01:08:34]} {[%emt 00:00:04]} 54. Rxa5 {[%clk
00:11:31]} {[%emt 00:00:06]} Rg2 {[%clk 01:08:56]} {[%emt 00:00:08]} 55. b3+
{[%clk 00:11:49]} {[%emt 00:00:12]} Kb4 {[%clk 01:09:11]} {[%emt 00:00:14]} 56.
Ra4+ {[%clk 00:12:03]} {[%emt 00:00:16]} Kb5 {[%clk 01:09:24]} {[%emt
00:00:17]} 57. Kh4 {[%clk 00:12:13]} {[%emt 00:00:20]} Rg7 {[%clk 01:07:34]}
{[%emt 00:02:21]} 58. Rg4 {[%clk 00:10:49]} {[%emt 00:01:54]} Ra7 {[%clk
01:07:53]} {[%emt 00:00:11]} 59. a4+ {[%clk 00:10:22]} {[%emt 00:00:57]} Ka5
{[%clk 01:08:12]} {[%emt 00:00:11]} 60. Kg5 {[%clk 00:09:39]} {[%emt 00:01:12]}
Rb7 {[%clk 01:07:27]} {[%emt 00:01:16]} 61. Rg3 {[%clk 00:09:51]} {[%emt
00:00:18]} Kb4 {[%clk 01:07:13]} {[%emt 00:00:44]} 62. Kf5 {[%clk 00:10:04]}
{[%emt 00:00:16]} Re7 {[%clk 01:07:34]} {[%emt 00:00:09]} 63. Kf4 {[%clk
00:10:17]} {[%emt 00:00:17]} Re8 {[%clk 01:07:18]} {[%emt 00:00:47]} 64. Re3
{[%clk 00:10:08]} {[%emt 00:00:38]} Rd8 {[%clk 01:06:02]} {[%emt 00:01:46]} 65.
Ke4 {[%clk 00:10:27]} {[%emt 00:00:11]} Re8 {[%clk 01:05:33]} {[%emt 00:01:00]}
66. Kd3 {[%clk 00:09:50]} {[%emt 00:01:07]} Rc8 {[%clk 01:04:58]} {[%emt
00:01:05]} 67. Kd2 {[%clk 00:06:15]} {[%emt 00:04:05]} Rc7 {[%clk 01:03:00]}
{[%emt 00:02:28]} 68. Rd3 {[%clk 00:05:02]} {[%emt 00:01:43]} Rc8 {[%clk
01:03:17]} {[%emt 00:00:14]} 69. Ke3 {[%clk 00:04:32]} {[%emt 00:00:59]} Re8+
{[%clk 01:03:28]} {[%emt 00:00:19]} 70. Kd2 {[%clk 00:03:21]} {[%emt 00:01:40]}
Rc8 {[%clk 01:03:55]} {[%emt 00:00:04]} 71. a5 {[%clk 00:03:30]} {[%emt
00:00:21]} Kxa5 {[%clk 01:04:17]} {[%emt 00:00:07]} 72. Rd4 {[%clk 00:03:53]}
{[%emt 00:00:07]} Kb5 {[%clk 01:04:36]} {[%emt 00:00:12]} 73. Kd3 {[%clk
00:04:15]} {[%emt 00:00:07]} Rc1 {[%clk 01:03:53]} {[%emt 00:01:14]} 74. Rc4
{[%clk 00:04:04]} {[%emt 00:00:41]} Rxc4 {[%clk 01:03:59]} {[%emt 00:00:24]}
75. bxc4+ {[%clk 00:04:29]} {[%emt 00:00:05]} Kc5 {[%clk 01:04:25]} {[%emt
00:00:04]} 76. Kc3 {[%clk 00:04:54]} {[%emt 00:00:05]} Kc6 {[%clk 01:04:50]}
{[%emt 00:00:05]} 77. Kd4 {[%clk 00:05:15]} {[%emt 00:00:08]} 1/2-1/2

[Event "DEM U18w 2024"]
[Site "Willingen GER"]
[Date "2024.05.19"]
[Round "2"]
[White "Wimmer, Katharina"]
[Black "Schmidt, Luise"]
[Result "1/2-1/2"]
[Termination "normal"]
[Board "7"]
[WhiteElo "1641"]
[BlackElo "1666"]
[WhiteClock "00:43:32"]
[BlackClock "00:25:55"]
[PlyCount "57"]
[WhiteFideId "16265947"]
[BlackFideId "16294475"]
[EventCountry "GER"]
[EventRounds "9"]
[EventType "swiss"]
[EventDate "2024.05.18"]

1. e4 {[%clk 01:30:59]} e5 {[%clk 01:30:56]} {[%emt 00:00:05]} 2. Nf3 {[%clk
01:31:23]} {[%emt 00:00:06]} Nc6 {[%clk 01:31:21]} {[%emt 00:00:04]} 3. Bc4
{[%clk 01:31:48]} {[%emt 00:00:05]} Bc5 {[%clk 01:31:43]} {[%emt 00:00:09]} 4.
c3 {[%clk 01:32:14]} {[%emt 00:00:04]} Nf6 {[%clk 01:31:49]} {[%emt 00:00:23]}
5. d3 {[%clk 01:32:36]} {[%emt 00:00:08]} h6 {[%clk 01:31:06]} {[%emt
00:01:14]} 6. O-O {[%clk 01:32:19]} {[%emt 00:00:46]} d6 {[%clk 01:29:44]}
{[%emt 00:01:52]} 7. Bb3 {[%clk 01:32:18]} {[%emt 00:00:32]} O-O {[%clk
01:29:26]} {[%emt 00:00:48]} 8. h3 {[%clk 01:32:06]} {[%emt 00:00:41]} Bb6
{[%clk 01:27:52]} {[%emt 00:02:04]} 9. Nbd2 {[%clk 01:32:21]} {[%emt 00:00:15]}
Ne7 {[%clk 01:26:24]} {[%emt 00:01:59]} 10. Re1 {[%clk 01:32:28]} {[%emt
00:00:22]} c6 {[%clk 01:22:39]} {[%emt 00:04:16]} 11. Nf1 {[%clk 01:32:07]}
{[%emt 00:00:50]} Ng6 {[%clk 01:22:12]} {[%emt 00:00:58]} 12. Ng3 {[%clk
01:31:45]} {[%emt 00:00:51]} Re8 {[%clk 01:14:54]} {[%emt 00:07:48]} 13. Qc2
{[%clk 01:28:33]} {[%emt 00:03:42]} Be6 {[%clk 01:09:18]} {[%emt 00:06:07]} 14.
Bxe6 {[%clk 01:27:40]} {[%emt 00:01:22]} Rxe6 {[%clk 01:09:10]} {[%emt
00:00:39]} 15. d4 {[%clk 01:24:39]} {[%emt 00:03:29]} Qe8 {[%clk 01:05:08]}
{[%emt 00:04:33]} 16. Be3 {[%clk 01:20:02]} {[%emt 00:05:07]} Bc7 {[%clk
00:54:34]} {[%emt 00:11:04]} 17. Rad1 {[%clk 01:16:05]} {[%emt 00:04:26]} d5
{[%clk 00:49:25]} {[%emt 00:05:40]} 18. exd5 {[%clk 01:14:39]} {[%emt
00:01:56]} Nxd5 {[%clk 00:49:26]} {[%emt 00:00:29]} 19. dxe5 {[%clk 01:08:48]}
{[%emt 00:06:21]} Nxe5 {[%clk 00:45:52]} {[%emt 00:04:04]} 20. Nd4 {[%clk
01:07:42]} {[%emt 00:01:36]} Rg6 {[%clk 00:41:34]} {[%emt 00:04:47]} 21. Bc1
{[%clk 01:01:36]} {[%emt 00:06:37]} Rd8 {[%clk 00:35:09]} {[%emt 00:06:55]} 22.
Qb3 {[%clk 00:50:44]} {[%emt 00:11:21]} Nb6 {[%clk 00:30:10]} {[%emt 00:05:31]}
23. Bf4 {[%clk 00:45:31]} {[%emt 00:05:41]} c5 {[%clk 00:27:18]} {[%emt
00:03:23]} 24. Bxe5 {[%clk 00:43:59]} {[%emt 00:02:02]} Bxe5 {[%clk 00:26:42]}
{[%emt 00:01:06]} 25. Nf3 {[%clk 00:43:52]} {[%emt 00:00:36]} Rxd1 {[%clk
00:25:30]} {[%emt 00:01:44]} 26. Qxd1 {[%clk 00:44:11]} {[%emt 00:00:10]} Re6
{[%clk 00:25:14]} {[%emt 00:00:46]} 27. Nxe5 {[%clk 00:43:03]} {[%emt
00:01:38]} Rxe5 {[%clk 00:25:36]} {[%emt 00:00:08]} 28. Rxe5 {[%clk 00:43:16]}
{[%emt 00:00:17]} Qxe5 {[%clk 00:25:55]} {[%emt 00:00:11]} 29. Qd8+ {[%clk
00:43:32]} {[%emt 00:00:14]} 1/2-1/2

[Event "DEM U18w 2024"]
[Site "Willingen GER"]
[Date "2024.05.19"]
[Round "2"]
[White "Modali, Nikhilamrutha"]
[Black "Köpnick, Amanda"]
[Result "1-0"]
[Termination "normal"]
[Board "8"]
[WhiteElo "1608"]
[BlackElo "1636"]
[WhiteClock "00:08:59"]
[BlackClock "00:38:27"]
[PlyCount "61"]
[WhiteFideId "16282370"]
[BlackFideId "34618538"]
[EventCountry "GER"]
[EventRounds "9"]
[EventType "swiss"]
[EventDate "2024.05.18"]

1. e4 {[%clk 01:30:57]} {[%emt 00:00:03]} e5 {[%clk 01:30:53]} {[%emt
00:00:07]} 2. Nf3 {[%clk 01:31:24]} {[%emt 00:00:04]} Nc6 {[%clk 01:31:06]}
{[%emt 00:00:16]} 3. Bc4 {[%clk 01:31:50]} {[%emt 00:00:04]} Bc5 {[%clk
01:31:29]} {[%emt 00:00:07]} 4. c3 {[%clk 01:32:16]} {[%emt 00:00:05]} Nf6
{[%clk 01:31:39]} {[%emt 00:00:19]} 5. d4 {[%clk 01:32:03]} {[%emt 00:00:43]}
exd4 {[%clk 01:31:41]} {[%emt 00:00:29]} 6. O-O {[%clk 01:32:26]} {[%emt
00:00:06]} d5 {[%clk 01:25:38]} {[%emt 00:06:33]} 7. exd5 {[%clk 01:32:13]}
{[%emt 00:00:44]} Nxd5 {[%clk 01:25:03]} {[%emt 00:01:04]} 8. Qb3 {[%clk
01:30:56]} {[%emt 00:01:47]} Nce7 {[%clk 01:22:00]} {[%emt 00:03:32]} 9. Qb5+
{[%clk 01:29:20]} {[%emt 00:02:05]} c6 {[%clk 01:16:50]} {[%emt 00:05:42]} 10.
Qxc5 {[%clk 01:29:16]} {[%emt 00:00:35]} O-O {[%clk 01:16:15]} {[%emt
00:01:02]} 11. Qxd4 {[%clk 01:17:35]} {[%emt 00:12:13]} Nf5 {[%clk 01:14:53]}
{[%emt 00:01:53]} 12. Qd1 {[%clk 01:16:44]} {[%emt 00:01:20]} Be6 {[%clk
01:13:47]} {[%emt 00:01:35]} 13. Nbd2 {[%clk 01:01:45]} {[%emt 00:15:30]} b5
{[%clk 01:11:03]} {[%emt 00:03:15]} 14. Bb3 {[%clk 01:00:25]} {[%emt 00:01:50]}
Qc8 {[%clk 01:06:42]} {[%emt 00:04:50]} 15. Ne4 {[%clk 00:55:24]} {[%emt
00:05:31]} Rd8 {[%clk 01:05:29]} {[%emt 00:01:42]} 16. Qe2 {[%clk 00:53:51]}
{[%emt 00:02:03]} Re8 {[%clk 01:04:02]} {[%emt 00:01:59]} 17. Qc2 {[%clk
00:37:52]} {[%emt 00:16:28]} c5 {[%clk 01:02:15]} {[%emt 00:02:17]} 18. a3
{[%clk 00:35:43]} {[%emt 00:02:40]} c4 {[%clk 01:02:08]} {[%emt 00:00:36]} 19.
Ba2 {[%emt 00:00:19]} Nb6 {[%clk 01:01:01]} {[%emt 00:01:35]} 20. Bf4 {[%clk
00:31:34]} {[%emt 00:04:52]} Bd5 {[%clk 01:00:05]} {[%emt 00:01:26]} 21. Rae1
{[%clk 00:25:09]} {[%emt 00:06:55]} Qc6 {[%clk 00:56:47]} {[%emt 00:03:47]} 22.
Bb1 {[%clk 00:24:11]} {[%emt 00:01:29]} g6 {[%clk 00:55:22]} {[%emt 00:01:55]}
23. Ne5 {[%clk 00:19:18]} {[%emt 00:05:22]} Qe6 {[%clk 00:53:35]} {[%emt
00:02:17]} 24. Ng4 {[%clk 00:16:29]} {[%emt 00:03:19]} Kf8 {[%clk 00:49:34]}
{[%emt 00:04:32]} 25. Ngf6 {[%clk 00:13:49]} {[%emt 00:03:10]} Qc6 {[%clk
00:44:30]} {[%emt 00:05:33]} 26. Nxe8 {[%clk 00:12:14]} {[%emt 00:02:06]} Rxe8
{[%clk 00:44:43]} {[%emt 00:00:17]} 27. f3 {[%clk 00:11:24]} {[%emt 00:01:19]}
Nd7 {[%clk 00:43:19]} {[%emt 00:01:55]} 28. Ng3 {[%clk 00:08:32]} {[%emt
00:03:23]} Rxe1 {[%clk 00:38:31]} {[%emt 00:05:17]} 29. Rxe1 {[%clk 00:08:22]}
{[%emt 00:00:40]} Nh4 {[%clk 00:38:41]} {[%emt 00:00:19]} 30. Bh6+ {[%clk
00:08:38]} {[%emt 00:00:15]} Kg8 {[%clk 00:38:27]} {[%emt 00:00:45]} 31. Re8+
{[%clk 00:08:59]} {[%emt 00:00:08]} 1-0

[Event "DEM U18w 2024"]
[Site "Willingen GER"]
[Date "2024.05.19"]
[Round "2"]
[White "Nguyen, Jenny Ha-Linh"]
[Black "Schirmer, Sara"]
[Result "1-0"]
[Termination "normal"]
[Board "9"]
[WhiteElo "1787"]
[BlackElo "1638"]
[WhiteClock "00:10:21"]
[BlackClock "00:18:49"]
[PlyCount "71"]
[WhiteFideId "16209729"]
[BlackFideId "16297580"]
[EventCountry "GER"]
[EventRounds "9"]
[EventType "swiss"]
[EventDate "2024.05.18"]

1. e4 {[%clk 01:30:58]} {[%emt 00:00:01]} e5 {[%clk 01:30:55]} {[%emt
00:00:05]} 2. Nf3 {[%clk 01:31:24]} {[%emt 00:00:04]} Nc6 {[%clk 01:31:13]}
{[%emt 00:00:12]} 3. Bc4 {[%clk 01:31:40]} {[%emt 00:00:14]} Bc5 {[%clk
01:31:29]} {[%emt 00:00:14]} 4. c3 {[%clk 01:31:36]} {[%emt 00:00:34]} Nf6
{[%clk 01:31:50]} {[%emt 00:00:09]} 5. d3 {[%clk 01:31:55]} {[%emt 00:00:11]}
a6 {[%clk 01:32:12]} {[%emt 00:00:08]} 6. Bb3 {[%clk 01:31:42]} {[%emt
00:00:43]} d6 {[%clk 01:32:28]} {[%emt 00:00:14]} 7. O-O {[%clk 01:31:31]}
{[%emt 00:00:41]} h6 {[%clk 01:32:46]} {[%emt 00:00:13]} 8. Nbd2 {[%clk
01:30:59]} {[%emt 00:01:01]} Bd7 {[%clk 01:32:59]} {[%emt 00:00:16]} 9. Re1
{[%clk 01:29:23]} {[%emt 00:02:06]} Ba7 {[%clk 01:32:56]} {[%emt 00:00:33]} 10.
Nf1 {[%clk 01:27:58]} {[%emt 00:01:56]} g5 {[%clk 01:26:36]} {[%emt 00:06:51]}
11. Be3 {[%clk 01:23:23]} {[%emt 00:05:04]} Bxe3 {[%clk 01:24:48]} {[%emt
00:02:17]} 12. Nxe3 {[%clk 01:23:10]} {[%emt 00:00:43]} Be6 {[%clk 01:24:54]}
{[%emt 00:00:25]} 13. d4 {[%clk 01:05:29]} {[%emt 00:18:12]} Ne7 {[%clk
01:10:34]} {[%emt 00:14:49]} 14. Bxe6 {[%clk 00:59:20]} {[%emt 00:06:38]} fxe6
{[%clk 01:10:50]} {[%emt 00:00:15]} 15. Qb3 {[%clk 00:57:28]} {[%emt 00:02:22]}
exd4 {[%clk 01:04:46]} {[%emt 00:06:34]} 16. Qxe6 {[%clk 00:47:21]} {[%emt
00:10:37]} dxe3 {[%clk 00:58:24]} {[%emt 00:06:52]} 17. Qxf6 {[%clk 00:47:46]}
{[%emt 00:00:05]} exf2+ {[%clk 00:58:39]} {[%emt 00:00:15]} 18. Kxf2 {[%clk
00:48:11]} {[%emt 00:00:04]} Kd7 {[%clk 00:53:43]} {[%emt 00:05:27]} 19. e5
{[%clk 00:24:38]} {[%emt 00:24:03]} Qf8 {[%clk 00:53:23]} {[%emt 00:00:50]} 20.
e6+ {[%clk 00:24:04]} {[%emt 00:01:04]} Kd8 {[%clk 00:53:00]} {[%emt 00:00:52]}
21. Qd4 {[%clk 00:23:22]} {[%emt 00:01:13]} Nc6 {[%clk 00:43:24]} {[%emt
00:10:06]} 22. Qe4 {[%clk 00:21:31]} {[%emt 00:02:21]} Ke7 {[%clk 00:43:01]}
{[%emt 00:00:53]} 23. Kg1 {[%clk 00:20:34]} {[%emt 00:01:26]} Qf6 {[%clk
00:42:43]} {[%emt 00:00:47]} 24. Nd4 {[%clk 00:18:31]} {[%emt 00:02:35]} Nxd4
{[%clk 00:38:43]} {[%emt 00:04:31]} 25. cxd4 {[%clk 00:18:06]} {[%emt
00:00:55]} c6 {[%clk 00:37:50]} {[%emt 00:01:21]} 26. Rad1 {[%clk 00:16:48]}
{[%emt 00:01:48]} d5 {[%clk 00:36:14]} {[%emt 00:02:06]} 27. Qd3 {[%clk
00:16:16]} {[%emt 00:01:02]} Kd6 {[%clk 00:27:52]} {[%emt 00:08:50]} 28. Qg3+
{[%clk 00:14:30]} {[%emt 00:02:18]} Qf4 {[%clk 00:27:32]} {[%emt 00:00:51]} 29.
Qa3+ {[%clk 00:14:53]} {[%emt 00:00:07]} Kc7 {[%clk 00:27:32]} {[%emt
00:00:30]} 30. Qe7+ {[%clk 00:14:43]} {[%emt 00:00:40]} Kb6 {[%clk 00:27:53]}
{[%emt 00:00:08]} 31. Rd3 {[%clk 00:13:27]} {[%emt 00:01:47]} Rab8 {[%clk
00:26:27]} {[%emt 00:01:56]} 32. Qc5+ {[%clk 00:12:35]} {[%emt 00:01:21]} Kc7
{[%clk 00:26:37]} {[%emt 00:00:20]} 33. Rf3 {[%clk 00:12:34]} {[%emt 00:00:31]}
Qd2 {[%clk 00:22:04]} {[%emt 00:05:01]} 34. Ref1 {[%clk 00:10:12]} {[%emt
00:02:54]} Rhd8 {[%clk 00:18:43]} {[%emt 00:03:51]} 35. Rf7+ {[%clk 00:10:21]}
{[%emt 00:00:23]} Kc8 {[%clk 00:18:49]} {[%emt 00:00:22]} 36. Qb6 {[%clk
00:10:21]} {[%emt 00:00:31]} 1-0

[Event "DEM U18w 2024"]
[Site "Willingen GER"]
[Date "2024.05.19"]
[Round "2"]
[White "Hellenbroich, Helene"]
[Black "Görlach, Hanna"]
[Result "1/2-1/2"]
[Termination "normal"]
[Board "12"]
[WhiteElo "1640"]
[BlackElo "1578"]
[WhiteClock "00:26:34"]
[BlackClock "00:26:45"]
[PlyCount "40"]
[WhiteFideId "16270754"]
[BlackFideId "34675604"]
[EventCountry "GER"]
[EventRounds "9"]
[EventType "swiss"]
[EventDate "2024.05.18"]

1. d4 {[%clk 01:30:43]} {[%emt 00:00:17]} Nf6 {[%clk 01:30:55]} {[%emt
00:00:05]} 2. c4 {[%clk 01:30:42]} {[%emt 00:00:30]} g6 {[%clk 01:31:18]}
{[%emt 00:00:07]} 3. Nf3 {[%clk 01:30:16]} {[%emt 00:00:57]} Bg7 {[%clk
01:30:00]} {[%emt 00:01:48]} 4. Nc3 {[%clk 01:28:54]} {[%emt 00:01:51]} d6
{[%clk 01:25:34]} {[%emt 00:04:57]} 5. e3 {[%clk 01:25:49]} {[%emt 00:03:35]}
O-O {[%clk 01:25:14]} {[%emt 00:00:50]} 6. Be2 {[%clk 01:25:15]} {[%emt
00:01:03]} a5 {[%clk 01:09:48]} {[%emt 00:15:57]} 7. O-O {[%clk 01:21:53]}
{[%emt 00:03:51]} Na6 {[%clk 00:59:12]} {[%emt 00:11:08]} 8. b3 {[%clk
01:12:13]} {[%emt 00:10:09]} c5 {[%clk 00:56:01]} {[%emt 00:03:40]} 9. Bb2
{[%clk 01:06:13]} {[%emt 00:06:31]} b6 {[%clk 00:50:03]} {[%emt 00:06:29]} 10.
Qd2 {[%clk 00:45:48]} {[%emt 00:20:54]} Nc7 {[%clk 00:41:01]} {[%emt 00:09:31]}
11. d5 {[%clk 00:41:46]} {[%emt 00:04:32]} Bf5 {[%clk 00:34:08]} {[%emt
00:07:25]} 12. Nh4 {[%clk 00:41:47]} {[%emt 00:00:28]} Qd7 {[%clk 00:31:04]}
{[%emt 00:03:34]} 13. Nxf5 {[%clk 00:39:27]} {[%emt 00:02:50]} Qxf5 {[%clk
00:31:29]} {[%emt 00:00:05]} 14. Bf3 {[%clk 00:39:45]} {[%emt 00:00:12]} Rfe8
{[%clk 00:28:58]} {[%emt 00:03:02]} 15. e4 {[%clk 00:38:52]} {[%emt 00:01:22]}
Qd7 {[%clk 00:28:46]} {[%emt 00:00:36]} 16. Rad1 {[%clk 00:37:44]} {[%emt
00:01:43]} Rad8 {[%clk 00:25:47]} {[%emt 00:03:30]} 17. Na4 {[%clk 00:32:15]}
{[%emt 00:06:00]} Na8 {[%clk 00:25:48]} {[%emt 00:00:29]} 18. Nc3 {[%clk
00:30:10]} {[%emt 00:02:34]} Nc7 {[%clk 00:25:52]} {[%emt 00:00:27]} 19. Na4
{[%clk 00:29:39]} {[%emt 00:01:00]} Na8 {[%clk 00:26:18]} {[%emt 00:00:04]} 20.
Nc3 {[%clk 00:26:34]} {[%emt 00:03:35]} Nc7 {[%clk 00:26:45]} {[%emt 00:00:03]}
1/2-1/2